Atlanta Hawks 2025-2026 Roster - Statistics

General Stats
  • This quiz has been taken 21 times
    13 since last reset
  • The average score is 11 of 17
Answer Stats
Jersey # Pos Answer % Correct
3 G CJ McCollum
100%
1 F Jalen Johnson
100%
17 F-C Onyeka Okongwu
100%
5 G Dyson Daniels
92%
7 G Nickeil Alexander-Walker
92%
24 F Corey Kispert
83%
0 F Jonathan Kuminga
83%
10 F Zaccharie Risacher
83%
18 F Mouhamed Gueye
75%
14 F Asa Newell
67%
8 G Buddy Hield
42%
2 G Keaton Wallace
42%
4 G Gabe Vincent
33%
31 C Jock Landale
33%
33 G Caleb Houstan
17%
00 G RayJ Dennis
17%
22 G Nikola Durisic
0%
No matching quizzes found
Score Distribution
Percent of People with Each Score
Percentile by Number Answered
Your Score History
You have not taken this quiz since the last reset